书目信息 |
| 题名: |
365夜
|
|
| 作者: | 鲁兵 主编 | |
| 分册: | 下 | |
| 出版信息: | 上海 少年儿童出版社 1980 |
|
| 页数: | 596页 | |
| 开本: | 19cm | |
| 丛书名: | ||
| 单 册: | ||
| 中图分类: | I207.5 | |
| 科图分类: | ||
| 主题词: | 文学--中国 , 儿童文学--作品--世界--选集 | |
| 电子资源: | ||
| ISBN: | ||
| 000 | 00627nam0 2200241 45 | |
| 001 | 0180004751 | |
| 005 | 20070801113204.06 | |
| 010 | @dCNY1.30 | |
| 091 | @aR10024.3779 | |
| 100 | @a19950506d1980 cemy0chiy0121 ea | |
| 101 | 1 | @achi@cmul |
| 102 | @aCN@b310000 | |
| 105 | @ay z 000zy | |
| 200 | 10 | @a365夜@A365 ye@h下@f鲁兵主编@g陈永镇等画 |
| 210 | @a上海@c少年儿童出版社@d1980 | |
| 215 | @a596页@d19cm | |
| 606 | 0 | @a文学@x中国 |
| 606 | @a儿童文学@x作品@y世界@x选集 | |
| 690 | @aI207.5 | |
| 701 | 0 | @a鲁兵@Alu bing@4主编 |
| 801 | 0 | @aCN@b上海图书馆@c20070801 |
| 801 | 2 | @aCN@bNLC@c20060915 |
| 905 | @dI207.5@e493:2 | |
| 365夜.下/鲁兵主编/陈永镇等画.-上海:少年儿童出版社,1980 |
| 596页;19cm |
| ISBN :CNY1.30 |
| ● |
| 相关链接 |
|
|
|
|
正题名:365夜
索取号:I207.5/493:2
 
预约/预借
| 序号 | 登录号 | 条形码 | 馆藏地/架位号 | 状态 | 备注 |
| 1 | 0050693 | 001903925 | 密集书库/ [索取号:I207.5/493:2] | 在馆 | |
| 2 | 0473725 | 204737259 | 密集书库/ [索取号:I207.5/493:2] | 在馆 | |
| 3 | 0790832 | 207908326 | 密集书库/ [索取号:I207.5/493:2] | 在馆 |